000 00465 a2200145 4500
999 _c3475
_d3475
020 _a9781444183818
050 _aHQ 767.9 HAR 2013
100 _aHarding, Jacqueline
_eauthor
245 _aChild development:
_ban illustrated handbook/
_cJacqueline Harding
264 _aLondon:
_bHodder Education;
_c2013
300 _axvi,176p.:
_bill. (col.)
500 _aIncludes bibliographic references and index
650 _aChild development
942 _2lcc
_cBK
_h767.9
_iHAR
_kHQ